Social Demography And Family Welfare/ (Record no. 211128)

MARC details
000 -LEADER
fixed length control field 00675nam a22001817a 4500
005 - DATE AND TIME OF LATEST TRANSACTION
control field 20250425153703.0
010 ## - LCCN (DPL NO)
LC control number ENG-144775
020 ## - INTERNATIONAL STANDARD BOOK NUMBER
International Standard Book Number 9789380831671
Terms of availability 199.00
035 ## - SYSTEM CONTROL NUMBER
System control number EN-128307
037 ## - SOURCE OF ACQUISITION
Source of stock number/acquisition DBAD/PUB
082 ## - DEWEY DECIMAL CLASSIFICATION NUMBER
Classification number 304.6
100 ## - MAIN ENTRY--PERSONAL NAME
Personal name Janakiramaiah,G
245 ## - TITLE STATEMENT
Title Social Demography And Family Welfare/
Statement of responsibility, etc G Janakiramaiah
260 ## - PUBLICATION, DISTRIBUTION, ETC. (IMPRINT)
Place of publication, distribution, etc India
Name of publisher, distributor, etc STUDENTSHELPLINE PUBLISHING HOUSE Pvt. Ltd.
Date of publication, distribution, etc 2012
270 ## - ADDRESS
Address 326/C,Seurneni Nilayam,Naer B K Guda Park, S.R. Nagar
City Hyderabad
Telephone number +91 4023710657,32494570,23800657
Postal code 500038
Fax number +91 4023810657
Electronic mail address studentshelpline.in@gmail.com
300 ## - PHYSICAL DESCRIPTION
Extent Various Page
Dimensions 22 cm(pbk)
942 ## - ADDED ENTRY ELEMENTS (KOHA)
Source of classification or shelving scheme Dewey Decimal Classification
Item type English Books
Classification part 304.6
Call number suffix JAN
Holdings
Withdrawn status Lost status Not for loan Collection code Home library Current library Date acquired Source of acquisition Cost, normal purchase price Full call number Barcode Copy number Cost, replacement price Koha item type
      Non-fiction Patel Nagar Patel Nagar 25/04/2025 DBAD 199.00 304.6 JAN EN-128307 1 199.00 English Books

© Delhi Public Library
Hit Counter
free hit counter